American athletics annual.

Bibliographic Details
Corporate Author: Athletics Congress (U.S.)
Format: Serial
Language:English
Published: Indianapolis, Ind. : Press Information Department, the Athletics Congress.
Subjects:

MARC

Tag First Indicator Second Indicator Subfields
LEADER 00000cas a2200000 a 4500
001 in00000085567
005 20151008061537.0
008 820818c19809999inuar 0uuua0eng d
035 |a (OCoLC)08697873 
035 |9 AAJ8289AM 
040 |a TXA  |c TXA  |d UtOrBLW 
049 |a TXAE [Latest] [Ed: Ref] 
090 |a GV1060.67  |b .A43 
245 0 0 |a American athletics annual. 
264 1 |a Indianapolis, Ind. :  |b Press Information Department, the Athletics Congress. 
300 |a volumes ;  |c 22 cm. 
336 |a text  |b txt  |2 rdacontent 
337 |a unmediated  |b n  |2 rdamedia 
338 |a volume  |b nc  |2 rdacarrier 
362 1 |a Began with: 1980. 
500 |a Description based on: 1981. 
650 0 |a Track and field  |x Records. 
710 2 |a Athletics Congress (U.S.) 
999 |a MARS 
999 f f |s 871bc060-feb1-341f-896c-1e6b9f88d1f9  |i 7386d2e6-9fad-3827-9e41-4040659c807f  |t 0 
952 f f |p normal  |a Texas A&M University  |b College Station  |c Sterling C. Evans Library  |s Evans stk  |d Evans: Library Stacks  |t 0  |e GV1060.67 .A43  |h Library of Congress classification  |i unmediated -- volume  |l 1984  |m A14808410086 
952 f f |p normal  |a Texas A&M University  |b College Station  |c Sterling C. Evans Library  |s Evans stk  |d Evans: Library Stacks  |t 0  |e GV1060.67 .A43  |h Library of Congress classification  |i unmediated -- volume  |l 1981  |m A14808411715 
998 f f |a GV1060.67 .A43  |s 1981,1984  |t 0  |l Evans: Library Stacks